000 00403nam a22001337a 4500
005 20250530150516.0
008 250530b |||||||| |||| 00| 0 eng d
050 _aBV4223
_bLOG
100 _aLOGSDON, FRANKLIN S.
245 _aORIGINAL SERMON OUTLINES;
_bPLUS HINTS AND HELPS ON HOW TO MAKE SERMON OUTLINES
260 _aMICHIGAN
_bZONDERVAN PUBLISHING HOUSE
_cc1954
300 _a127p
942 _2lcc
_cBK
_n0
999 _c6072
_d6072